|
|
|
|
| LEADER |
00642nam a2200193 i 4500 |
| 001 |
misc74691 |
| 005 |
20240508151142.0 |
| 008 |
240508s1929 hu o 000 hun d |
| 040 |
|
|
|a SZTE Miscellanea Repozitórium
|b hun
|
| 041 |
|
|
|a hun
|
| 100 |
1 |
|
|a Wells Herbert George
|
| 245 |
1 |
0 |
|a Házasság
|h [elektronikus dokumentum] :
|b Marjorie házassága /
|c Wells Herbert George
|
| 260 |
|
|
|a Franklin
|b Budapest
|c 1929
|
| 300 |
|
|
|a 144
|
| 650 |
|
4 |
|a Bölcsészettudományok
|
| 650 |
|
4 |
|a Nyelvek és irodalom
|
| 695 |
|
|
|a Angol irodalom - regény
|
| 700 |
0 |
1 |
|a Tonelli Sándor
|
| 856 |
4 |
0 |
|u http://misc.bibl.u-szeged.hu/74691/1/xa_114851.pdf
|z Dokumentum-elérés
|